000307237 001__ 307237
000307237 005__ 20240928181415.0
000307237 0247_ $$aG:(GEPRIS)5484524$$d5484524
000307237 035__ $$aG:(GEPRIS)5484524
000307237 040__ $$aGEPRIS$$chttp://gepris.its.kfa-juelich.de
000307237 150__ $$aSFB 574: Volatile und Fluide in Subduktionszonen: Klima-Rückkopplungen und Auslösemechanismen von Naturkatastrophen$$y2001 - 2012
000307237 371__ $$aProfessor Dr. Kaj Hoernle
000307237 371__ $$aProfessor Dr. Timothy John Reston
000307237 450__ $$aDFG project G:(GEPRIS)5484524$$wd$$y2001 - 2012
000307237 5101_ $$0I:(DE-588b)2007744-0$$aDeutsche Forschungsgemeinschaft$$bDFG
000307237 680__ $$aZiele:-- Gibt es einen erkennbaren und quantifizierbaren Zusammenhang zwischen tektonischen Bewegungen, Gezeiten und anderen Antriebskräften einerseits und Entwässerungsraten, Fluid-Austritten und vulkanischer Aktivität andererseits?-- Wie werden die maximale Devolatilisierungstiefe und Erdbeben von der Subduktionsrate, der Zusammensetzung der Platte und variablen Temperatur- und Druckbedingungen beeinflusst?-- Welche Anteile des Rückflusses in den Ozean und die Atmosphäre fließen durch Fluid-Austrittsstellen, Schlamm-Diapire und Vulkane?-- Welche Prozesse kontrollieren die Bildung und Zersetzung von Gashydraten und wie wird der Methantransport durch Schlamm-Diapirismus beeinflusst? Lösen diese Prozesse große Rutschungen aus, wie häufig ereignen sich diese und wieviel Masse wird jeweils bewegt?-- Wie beeinflussen die Fluid- und Gasströme in Subduktionszonen die benthischen Lebensgemeinschaften, die Chemie des Meerwassers und den Ozean-Atmosphäre Austausch von "Treibhausgasen"? Welche Rolle spielt der biologische Umsatz von Volatilen im Ozean?-- Welche Mengen der verschiedenen Volatile werden von Vulkanen in die Atmosphäre freigesetzt, aus welchen Quellen stammen sie und welche Prozesse bestimmen ihre Zusammensetzung?-- Wie werden die langzeitliche Klimaentwicklung und die geochemische Zusammensetzung der Atmosphäre, des Meerwassers und der Sedimente durch Recycling und Fraktionierung von Elementen in Subduktionszonen beeinflusst?
000307237 909CO $$ooai:juser.fz-juelich.de:974112$$pauthority$$pauthority:GRANT
000307237 909CO $$ooai:juser.fz-juelich.de:974112
000307237 980__ $$aG
000307237 980__ $$aAUTHORITY